000 00401nam a2200145Ia 4500
008 240729s9999 xx 000 0 und d
022 _a2685-0486
245 0 _aMajalah Kedokteran Sriwijaya
260 _aIndonesia
260 _bFakultas Kedokteran Universitas Sriwijaya
650 _aMedicine
856 _uhttps://doaj.org/toc/bbc29ed667c8436f9c0b978cd4c40032
942 _2ddc
942 _cDOAJEJ
999 _c73416
_d73416
945 _a1
_bMadushi Gamage
_c1
_dMadushi Gamage